000 00661nam a2200241Ia 4500
003 OSt
005 20220918230606.0
006 a|||||r|||| 00| 0
007 ta
008 220917b |||||||| |||| 00| 0 eng d
024 _a256,222
037 _cTextual
040 _aARTS
_cARTS
_beng
041 _2eng
_aeng
082 _aBOX, K2;1
100 _aYamane Taro
_9152900
245 0 _aMathematics for economists
_b elementry survey
250 _aSecond Edition
260 _aNew Delhi
_bPrentice-Hall of India Pvt. Ltd. India
_c1970
650 _aMATHEMATICS
_92141
942 _hBOX, K2;1
_cTEXL
_2CC
999 _c288457
_d288457